000
00227nam a2200097Ia 4500
008
240625s9999 xx 000 0 und d
041
_a
eng
100
_a
WYSOCKI ROBERT K
245
_a
EFFECTIVE PROJECT MANAGEMENT
260
_c
2002
999
_c
33117
_d
33117